000 00437nam a2200205Ia 4500
001 13604
003 GE_BSU
008 181216s||||||||xx |||||||||||||| ||und||
020 _a055215179
040 _cGE_BSU
080 _a821.111-312.4
100 _aBrown,Dan.
245 _aDeception point.
260 _aLondon.
260 _bCorgi Books.
260 _c2001
300 _a585p;18cm.
653 _aDeception point.
942 _cBK
999 _c46760
_d46760